| 000 | 00895nam a2200277 i 4500 | ||
|---|---|---|---|
| 001 | bg | ||
| 245 | 0 | 0 |
_aFunkcjonowanie banków komercyjnych : _bwybrane problemy / _cred. nauk. Alfreda Zachorowska, Agnieszka Wójcik-Mazur ; Politechnika Częstochowska. |
| 260 |
_aCzęstochowa : _bWydawnictwo Politechniki Częstochowskiej, _c2006. |
||
| 300 |
_a240 s. : _bil. ; _c24 cm. |
||
| 504 | _aBibliogr. s. 230-240. | ||
| 650 | 9 |
_aBanki _zPolska _yod 1989 r. |
|
| 655 | _aPodręczniki akademickie | ||
| 700 | 1 |
_aZachorowska, Alfreda. _eRed. |
|
| 700 | 1 |
_aWójcik-Mazur, Agnieszka. _eRed. |
|
| 015 | _aPB 12034/2007 | ||
| 020 | _a8371933266 | ||
| 020 | _a9788371933264 | ||
| 040 | _cBPK | ||
| 041 | 0 | _apol | |
| 044 | _aPOL | ||
| 080 | _a336.71(438)"1989/..."(075.8) | ||
| 920 | _a83-7193-326-6 | ||
| 920 | _a978-83-7193-326-4 | ||
| 942 | _cKS | ||
| 008 | 070605s2006 pl a |000 0 pol | ||
| 999 |
_c54143 _d54143 |
||
| 856 |
_uhttp://koha.tu.koszalin.pl/cgi-bin/koha/opac-detail.pl?biblionumber=54143 _yKatalog online BPK |
||